| 000 | 01296nam a2200301 a 4500 | ||
|---|---|---|---|
| 999 |
_c439899 _d439899 |
||
| 003 | BLK | ||
| 005 | 20250618121312.0 | ||
| 008 | 211213b bul|||||r ||||||| ||bul|| | ||
| 020 | _a9786191866533 | ||
| 040 | _aBLK | ||
| 041 |
_aBUL _cBUL |
||
| 080 |
_aАнглийска литература _b821.111 _x-93-1 _z821.111-93-1 |
||
| 100 |
_9386662 _aДоналдсън, Джулия _eпърви автор |
||
| 139 |
_aДоналдсън, Джулия _bД 77 |
||
| 245 | 1 | 0 |
_aЗог и летящите лекари _cДжулия Доналдсън ; ил. Аксел Шефлър ; прев. Мария Донева. |
| 257 | _aGBR | ||
| 260 |
_aПловдив _bЖанет 45 _c2021 _f(отпеч. в Сингапур) |
||
| 300 |
_a32 с. _bс цв. ил. _c26x29 см |
||
| 380 | _aDX | ||
| 500 | _aБез данни за ориг. загл. - Пълната форма на името на прев. Мария Донева е Мария Донева Петрова. | ||
| 700 | 1 |
_aШефлър, Аксел _eил. _9143299 |
|
| 700 |
_aДонева, Мария _eпрев. от англ. _9243036 |
||
| 852 |
_bД _c821-93/Д 77 Д |
||
| 852 |
_aЦб ІІ 30844 _bЦб |
||
| 942 |
_cKNG _n0 _0109 _s1 |
||
| 944 |
_aED _c2022-05-11 _k30543 _lИва Цветкова |
||
| 999 | _d439899 | ||